Stopovanie vnútorných vzťahov Josef Peterka: Dvojramenný proud

Bibliographic Details
Main Authors: Chmel, Rudolf, 1939- (Author), Peterka, Josef (Author)
Format: Article
Language:Slovak
Subjects:

MARC

LEADER 00000nab a2200000 a 4500
001 vtls000276806
003 SK-MaSNL
005 20260303170126.0
008 160202c1987 xo 0 slo
015 |a SNBRB19rr/mm-uuuuu 
035 |a CL0286924 
040 |a SNKBUCL  |b slo  |c SNKBUCL  |e AACR2 
041 0 |a slo 
044 |a xo  |c SK 
080 |a 82.091:885.4:885.0"19"(048)  |2 1981 
080 |a 885.4  |2 1981 
080 |a 885.0"19"(048)  |2 1981 
080 |a 885.4.091  |2 1981 
080 |a 885.0.091  |2 1981 
080 |a 885.4"19"(048)  |2 1981 
100 1 |a Chmel, Rudolf,  |d 1939-  |4 aut  |9 14004 
245 1 0 |a Stopovanie vnútorných vzťahov  |b Josef Peterka: Dvojramenný proud  |c Rudolf Chmel ; Josef Peterka 
650 0 7 |a literárna komparatistika  |2 snkbucl  |9 62017 
655 7 |a články z novín a časopisov  |2 snkbucl  |9 267496 
655 7 |a články z odboru literárna veda a krásna literatúra  |2 snkbucl  |9 770045 
700 1 |a Peterka, Josef  |4 aut  |9 523587 
773 0 |t Nové slovo  |g Roč. 29, č. 16 (1987) 
787 0 8 |i Rec.:  |a Peterka, Josef  |t Dvojramenný proud  |d Praha : Mladá fronta, 1986 
850 |a Slovenská národná knižnica v Martine  |a MTA001 
852 |a SNK  |b KIS3GCP 
958 |a RK 
958 |a CZ 
958 |a LX 
992 |a RBX 
999 |c 2075331  |d 2077261